| 000 | 00621nam a22002177a 4500 | ||
|---|---|---|---|
| 005 | 20170124110027.0 | ||
| 010 | _aA-408339 | ||
| 020 | _c00.00 | ||
| 035 | _aA-408339 | ||
| 037 | _bCen Lib/Ret | ||
| 040 |
_aDPL _bEN |
||
| 082 |
_a510 _bIKR |
||
| 100 |
_aIkramov, H.D. _920799 |
||
| 245 |
_aLinear algebra : _cby H.D.Ikramov;translated from the Russian by Oleg Efimov _bproblems book / |
||
| 260 |
_bMir Publishers _aMoscow _c1983 |
||
| 300 |
_a327p. _c20(Hb) |
||
| 500 | _aIncludes index | ||
| 650 |
_aAlgebra -- Linear. _988951 |
||
| 700 |
_aEfimov, Oleg _920801 |
||
| 942 |
_2ddc _cEN _h510 _mIKR |
||
| 999 |
_c127546 _d127546 |
||